000 00255nam a2200097Ia 4500
001 1166485
005 20250827011801.0
008 250824s9999 xx 000 0 und d
245 0 _aSİS NASIL OLSA DAĞILIR
_cAHMET MELİH KARAUĞUZ
260 _bKETEBE YAYIN
999 _c1166485
_d1166485